[Event "1st Goa GM Open 2018"]
[Site "Taleigao"]
[Date "2018.10.18"]
[Round "8"]
[White "Amonatov, Farrukh"]
[Black "Das, Sayantan"]
[Result "0-1"]
[WhiteElo "2615"]
[BlackElo "2425"]
[Annotator "TA"]
[PlyCount "160"]
[EventDate "2018.10.13"]
[EventType "swiss"]
[EventCountry "IND"]
[SourceTitle "playchess.com"]
[Source "ChessBase"]
[SourceQuality "1"]

{[%evp 11,160,44,50,12,26,21,34,17,78,40,44,39,29,3,42,39,49,14,103,16,55,62,64,-152,-160,-156,-148,-154,-133,-129,-93,-139,-139,-139,-137,-166,-161,-201,-92,-95,-97,-112,-89,-92,-91,-147,-135,-140,-105,-105,-99,-143,-133,-134,-122,-168,-131,-122,-105,-105,-105,-102,0,-99,-99,-97,-108,-131,-129,-125,-91,-138,-81,-139,-125,-168,-119,-133,-119,-133,-119,-126,-126,-126,-118,-113,-56,-71,-24,-42,-6,0,-4,-128,0,0,0,-120,-108,-169,-98,-118,-65,-70,-23,-85,0,-8,0,0,0,0,0,0,0,0,0,-8,-8,-8,-8,-8,-8,-8,-8,-15,-8,-8,-8,-8,-8,-234,-234,-234,-234,-234,-234,-1375,-1356,-1305,-1066,-12816,-7268,-12824,-5089,-29982,-29983,-29983,-29984,-29984,-29985]} 1. e4 c5 2. Nf3 e6 3. d4 cxd4 4. Nxd4 a6 5. Bd3 g6 6. c4 Bg7 7. Ne2 {B42: Sicilian: Kan Variation: 5 Bd3} Ne7 8. Nbc3 O-O 9. O-O {White is slightly better.} f5 $146 (9... d5 $11 {remains equal.}) ({Predecessor:} 9... Nbc6 10. Na4 Rb8 11. Be3 b5 12. cxb5 axb5 13. Nac3 b4 14. Na4 d5 {0-1 (37) Kuzmin,G (2514)-Truskavetsky,A (2399) Alushta 2005}) 10. Bf4 Nbc6 11. Bd6 Rf7 12. Qd2 b6 13. Rad1 Bb7 14. f4 fxe4 (14... Na5 $11) 15. Bxe4 (15. Nxe4 $16 Nf5 16. g4) 15... Nf5 16. Bxf5 $1 gxf5 17. Rf3 $2 (17. Rf2 $14 {keeps the upper hand.}) 17... Na5 $17 18. Rg3 Nxc4 19. Qd4 Nxd6 ({Not} 19... Nxb2 $2 20. Rd2 $18) 20. Qxd6 b5 21. Nd4 Qb8 22. Nb3 Qa7+ 23. Kh1 {[#]} Rc8 $1 24. a4 Bc6 (24... bxa4 $19 25. Nc1 h5) 25. axb5 axb5 26. Nd4 Qb7 27. Qb4 Kh8 28. Nf3 (28. Nxc6 $142 Rxc6 29. Nxb5) 28... h6 29. Ne2 Bxf3 30. Rxf3 Rc2 31. Nd4 Rc4 32. Qd6 Kh7 33. h3 Bf8 34. Qe5 Rc5 35. Qe2 Qe4 36. Qf1 Qb7 (36... Rg7 $17 37. Rfd3 Qb7) 37. Rfd3 (37. Qe2 $1 $11) 37... Rg7 38. Nf3 Rc4 39. Rd4 Rxd4 40. Nxd4 b4 41. Nf3 Be7 (41... Qe4 $142 42. Ne5 d5) 42. b3 (42. Ne5 $142) 42... Bf6 43. Rd3 Bc3 44. Qd1 Qc8 45. Qe2 Qb8 46. Qe3 Qa8 {Threatens to win with ...Qe4.} 47. Qe2 Qe4 48. Qd1 Qxf4 ({Don't play} 48... d5 $6 {[#]} 49. Ng5+ $1 {[%mdl 512]} hxg5 50. Qh5+ Kg8 51. Qe8+ Kh7 52. Qh5+ Kg8 53. Qe8+ Kh7 54. Qh5+ $11) (48... Qb7 $17 49. Rd6 Qa7) 49. Rxd7 $15 Qe3 50. Qd6 Rxd7 (50... Bf6 $5 {[%cal Re3b3]} 51. Rxg7+ Kxg7 $15) 51. Qxd7+ Bg7 52. Qd1 (52. Qf7 $1 $11) 52... Qf4 (52... Qc3 $17 53. Kh2 Qc7+ 54. Kh1 Kh8) 53. Qd7 $11 Qe4 54. Qd1 (54. Kh2 $11) 54... Qe3 55. Ne1 (55. Kh2 $17) 55... e5 ({Black should try} 55... Qd4 $19 56. Qe2 Qd6) 56. Nd3 $17 Qd4 (56... Bf8 $17 57. Qf3 Qxf3 58. gxf3 Bd6) 57. Qf3 $15 f4 {And now ...e4 would win.} 58. Nf2 (58. Ne1 $11) 58... Qc3 ({Black should play} 58... Qe3 $17) 59. Qd1 Qe3 60. Qc2+ Kh8 61. Ne4 f3 62. Qc8+ Kh7 63. Qf5+ Kh8 64. Qxf3 Qxf3 65. gxf3 $11 {[%mdl 4096] Endgame KB-KN} Kh7 66. Nf2 Bf8 67. Kg2 Kg6 68. Kg3 Kf5 69. Ng4 h5 {[%cal Bh6h5,Bh5h4][%mdl 32]} 70. Ne3+ Kg5 71. Nc4 $2 (71. Ng2 $11) 71... h4+ $19 72. Kf2 Kf4 73. Nd2 Bc5+ 74. Ke2 $2 (74. Kg2) 74... Ba7 75. Ne4 Bb6 76. Nf2 Kg3 77. Nd3 Kxh3 78. f4 e4 {Black mates.} 79. Nxb4 Kg3 80. Nd5 h3 {Precision: White = 32%, Black = 48%.} 0-1

[Event "1st Goa GM Open 2018"]
[Site "Taleigao"]
[Date "2018.10.18"]
[Round "8"]
[White "Amonatov, Farrukh"]
[Black "Das, Sayantan"]
[Result "*"]
[WhiteElo "2615"]
[BlackElo "2425"]
[Annotator "TA"]
[PlyCount "28"]
[EventDate "2018.10.13"]
[EventType "swiss"]
[EventCountry "IND"]
[SourceTitle "playchess.com"]
[Source "ChessBase"]
[SourceQuality "1"]

{[%evp 12,13,38,14]} 1. e4 c5 2. Nf3 e6 3. d4 cxd4 4. Nxd4 a6 5. Bd3 g6 6. c4 Bg7 7. Ne2 {LiveBook: 34 Games. B42: Sicilian: Kan Variation: 5 Bd3} {Predecessor:} Nc6 $146 8. Nbc3 Nge7 9. O-O O-O 10. Bg5 h6 11. Be3 d5 12. cxd5 exd5 13. Bc5 Re8 14. Qb3 d4 {1-0 (35) Kasimdzhanov,R (2652)-Almasi,Z (2631) Tripoli 2004} *

[Event "1st Goa GM Open 2018"]
[Site "Taleigao"]
[Date "2018.10.18"]
[Round "8"]
[White "Bernadskiy, Vitaliy"]
[Black "Neverov, Valeriy"]
[Result "*"]
[WhiteElo "2547"]
[BlackElo "2488"]
[Annotator "TA"]
[PlyCount "31"]
[EventDate "2018.10.13"]
[EventType "swiss"]
[EventCountry "IND"]
[SourceTitle "playchess.com"]
[Source "ChessBase"]
[SourceQuality "1"]

{[%evp 9,10,19,14]} 1. e4 e5 2. Nf3 Nc6 3. Bc4 Bc5 4. c3 Nf6 5. d3 d6 {LiveBook: 2661 Games} {Predecessor:} 6. O-O $146 h6 7. Re1 O-O 8. h3 a5 9. Nbd2 Be6 10. Bb5 Qb8 11. Nf1 Qa7 12. Re2 a4 13. Ng3 Qa5 14. Bxc6 bxc6 15. Nh4 Rfe8 16. Re1 {½-½ (28) Mamedyarov,S (2808)-Karjakin,S (2782) Stavanger 2018} *

[Event "1st Goa GM Open 2018"]
[Site "Taleigao"]
[Date "2018.10.18"]
[Round "8"]
[White "Bernadskiy, Vitaliy"]
[Black "Neverov, Valeriy"]
[Result "0-1"]
[WhiteElo "2547"]
[BlackElo "2488"]
[Annotator "TA"]
[PlyCount "86"]
[EventDate "2018.10.13"]
[EventType "swiss"]
[EventCountry "IND"]
[SourceTitle "playchess.com"]
[Source "ChessBase"]
[SourceQuality "1"]

{[%evp 17,86,-3,2,-22,-10,-18,-16,-18,-14,-14,-25,-29,-21,-41,-53,-125,-67,-66,-60,-69,-63,-156,-136,-117,-122,-135,-109,-112,-103,-134,-141,-114,-123,-114,-64,-52,-66,-66,-67,-60,-47,-62,-54,-59,-44,-248,-251,-251,-246,-247,-236,-243,-240,-225,-239,-233,-233,-232,-218,-225,-224,-276,-180,-185,-189,-370,-370,-362,-357,-370,-370]} 1. e4 {Roiz,M} e5 2. Nf3 Nc6 3. Bc4 Bc5 4. c3 Nf6 5. d3 d6 6. Bg5 h6 7. Bh4 a6 8. Bb3 {C54: Italienische Partie (Hauptvariante)} Ba7 9. Nbd2 Qe7 {LiveBook: 4 Partien} 10. Nc4 {Die Stellung ist ausgeglichen.} Be6 11. Ne3 g5 12. Bg3 O-O-O 13. Ba4 Nb8 {[#]} 14. Nd2 $146 ({Vorgänger:} 14. Qc2 Bxe3 15. fxe3 Nh5 {1-0 (41) Aronian,L (2785)-Adams,M (2748) London 2016 CBM 176 [Roiz,M]}) 14... Nbd7 15. Qf3 Kb8 16. Bc2 (16. O-O-O $15) 16... d5 (16... h5 $1 $17 {Droht stark ...g4.} 17. h4 Bg4 18. Nxg4 hxg4) 17. Nf5 $15 Qf8 18. O-O Rg8 19. Rfe1 ({Günstiger ist} 19. a4 $15) 19... dxe4 20. dxe4 h5 $1 {[%cal Rh5h4] Droht ...h4 und aus.} 21. h4 {[#]} gxh4 $1 22. Bxh4 Rg4 {Weiss muss nun ...Lxf5 beachten.} 23. g3 Bxf5 $1 24. exf5 Qg7 ({Ein No Go ist} 24... Rxh4 $6 25. gxh4 Qe7 26. Ne4 $11) 25. Kh1 Rxh4+ 26. gxh4 Ng4 $1 27. Re2 $1 Qf6 {[%mdl 1024] Schwarz hat Kompensation.} 28. Qg3 Rg8 $1 29. Ne4 Qc6 30. Qf3 {Weiss will Tf1 spielen.} Ndf6 {Und weiter mit ...Sxe4 wäre nett.} 31. Rf1 $2 {[#]} (31. Ng5 $1 $15 Nxf2+ 32. Rxf2 Bxf2 33. Qxc6 bxc6 34. Nxf7) 31... Nxe4 $1 $19 32. Bxe4 ({Nicht} 32. Qxe4 $2 Qf6 $19) 32... Qf6 33. Qh3 Nxf2+ 34. Rexf2 Bxf2 35. Rxf2 {Und Tg2 würde nun gewinnen.} Rg4 36. Qe3 Qxh4+ $40 {[%mdl 128] Weiss ist in Schwierigkeiten.} 37. Rh2 Rxe4 38. Rxh4 Rxe3 {KT-KT} 39. Kg2 Kc8 40. Rxh5 Kd7 41. Rh8 $2 (41. Kf2 {ist eine bessere Verteidigung.} Re4 42. b3) 41... Re2+ {Schwarz steht auf Gewinn.} 42. Kf3 Rxb2 43. Ke4 Re2+ {Precision: Weiß = 51%, Schwarz = 84%.} 0-1

[Event "1st Goa GM Open 2018"]
[Site "Taleigao"]
[Date "2018.10.18"]
[Round "8"]
[White "Sivuk, Vitaly"]
[Black "Deepan Chakkravarthy J."]
[Result "1/2-1/2"]
[WhiteElo "2545"]
[BlackElo "2540"]
[Annotator "TA"]
[PlyCount "48"]
[EventDate "2018.10.13"]
[EventType "swiss"]
[EventCountry "IND"]
[SourceTitle "playchess.com"]
[Source "ChessBase"]
[SourceQuality "1"]

{[%evp 17,48,23,47,55,42,45,55,-27,-27,-27,-27,-29,-29,-72,-53,-116,-124,-146,-154,-139,-137,-138,-51,-59,-64,-64,-75,-48,0,-16,0,-61,0]} 1. e4 c5 2. Nf3 d6 3. d4 cxd4 4. Nxd4 Nf6 5. Nc3 Nc6 6. Bg5 e6 7. Qd3 a6 8. O-O-O Qb6 {B62: Sicilian: Richter-Rauzer: 6...e6: Unusual White 7th moves} (8... Bd7 9. f4 h6 10. Bh4 Be7 11. Be2 Rc8 12. Kb1 O-O 13. Nb3 d5 14. e5 Ne4 15. Bxe7 Nxc3+ 16. Qxc3 Qxe7 17. Qe3 {1-0 (37) Kovalev,V (2648)-Darini,P (2478) Sharjah 2018}) 9. Be2 Bd7 {LiveBook: 5 Games} 10. Nxc6 Bxc6 {White is slightly better.} 11. f4 Be7 12. e5 $146 ({Better is} 12. Rhf1 $14) ({Predecessor:} 12. Kb1 h6 13. Bxf6 Bxf6 14. Bf3 Rc8 15. Rhe1 Bxe4 16. Qxd6 Qxd6 17. Rxd6 Bxf3 18. gxf3 Bxc3 19. bxc3 Rxc3 {0-1 (40) Ibrayev,N (2320)-Van den Doel,E (2440) Zagan 1997}) 12... dxe5 $11 13. fxe5 Nd5 $1 14. Bxe7 Nxe7 15. Ne4 {[#] Nd6+ is the strong threat.} O-O $1 16. Nd6 (16. Ng5 $15 Nf5 17. Bf3) 16... Qa5 $17 17. Qd4 Qxa2 18. Bd3 Rad8 19. Rhe1 Ng6 (19... Bxg2 $17 {Strongly threatening ...g6.} 20. Re3 Qa1+ 21. Kd2 Qa5+ 22. b4 Qd5 23. Qxd5 Bxd5) 20. h4 $15 Qa1+ 21. Kd2 Qa5+ 22. Kc1 Qa1+ 23. Kd2 Qa5+ 24. Kc1 $1 Qa1+ {Precision: White = 50%, Black = 52%.} ({Black should try} 24... h6 $15) 1/2-1/2

[Event "1st Goa GM Open 2018"]
[Site "Taleigao"]
[Date "2018.10.18"]
[Round "8"]
[White "Sivuk, Vitaly"]
[Black "Deepan Chakkravarthy J."]
[Result "*"]
[WhiteElo "2545"]
[BlackElo "2540"]
[Annotator "TA"]
[PlyCount "41"]
[EventDate "2018.10.13"]
[EventType "swiss"]
[EventCountry "IND"]
[SourceTitle "playchess.com"]
[Source "ChessBase"]
[SourceQuality "1"]

{[%evp 9,9,19]} 1. e4 c5 2. Nf3 d6 3. d4 cxd4 4. Nxd4 Nf6 5. Nc3 {Predecessor:} a6 $146 6. Be3 e5 7. Nb3 Be6 8. f3 Be7 9. Qd2 O-O 10. O-O-O Nbd7 11. g4 b5 12. g5 Nh5 13. Nd5 Bxd5 14. exd5 f6 15. gxf6 Bxf6 16. Kb1 Nf4 17. Na5 Nb6 18. Nc6 Qc7 19. Bxf4 exf4 20. c3 Rae8 21. Rg1 {½-½ (88) So,W (2776)-Wojtaszek,R (2727) Batumi 2018} *

[Event "1st Goa GM Open 2018"]
[Site "Taleigao"]
[Date "2018.10.18"]
[Round "8"]
[White "Karthik Venkataraman"]
[Black "Gusain, Himal"]
[Result "*"]
[WhiteElo "2525"]
[BlackElo "2384"]
[Annotator "TA"]
[PlyCount "24"]
[EventDate "2018.10.13"]
[EventType "swiss"]
[EventCountry "IND"]
[SourceTitle "playchess.com"]
[Source "ChessBase"]
[SourceQuality "1"]

{[%evp 8,8,45]} 1. e4 c5 2. Nf3 e6 3. d4 cxd4 4. Nxd4 Bc5 {Vorgänger:} 5. Nb3 $146 Be7 6. Nc3 d6 7. Be3 Nf6 8. g4 a6 9. g5 Nfd7 10. h4 b5 11. Qd2 Bb7 12. a3 Nc6 {1-0 (45) Inarkiev,E (2709)-Vitiugov,N (2726) Doha 2016} *

[Event "1st Goa GM Open 2018"]
[Site "Taleigao"]
[Date "2018.10.18"]
[Round "8"]
[White "Karthik Venkataraman"]
[Black "Gusain, Himal"]
[Result "1-0"]
[WhiteElo "2525"]
[BlackElo "2384"]
[Annotator "TA"]
[PlyCount "59"]
[EventDate "2018.10.13"]
[EventType "swiss"]
[EventCountry "IND"]
[SourceTitle "playchess.com"]
[Source "ChessBase"]
[SourceQuality "1"]

{[%evp 19,59,0,0,-43,0,0,0,-39,0,-65,-33,-410,-59,-71,-63,-152,-65,-302,-289,-394,-386,-391,-270,-632,-629,-611,-216,-588,-98,-110,-110,-159,-168,-187,-83,-205,-189,-204,-137,-406,-187,-142]} 1. e4 c5 2. Nf3 e6 3. d4 cxd4 4. Nxd4 Bc5 5. Be3 Qb6 6. Nc3 Nc6 7. Ndb5 {B40: Sicilian: 2...e6, Unusual lines} Bxe3 8. fxe3 Qxe3+ 9. Be2 Kf8 10. Qd6+ Nge7 {LiveBook: 4 Games} 11. Rf1 f6 12. Rd1 Qg5 13. b4 $146 ({Predecessor:} 13. g3 a6 14. Nd4 Nxd4 15. Rxd4 {1-0 (38) Chandler,M (2527)-Lemmers,O (2415) Germany 2000}) 13... a6 (13... Qxg2 $6 14. Nc7 $16) 14. Nc7 ({Better is} 14. Nd4 $1 $11) 14... Rb8 $40 {[%mdl 128] Black mounts an attack.} 15. N3b5 $2 {[%mdl 8192]} (15. N7d5 $15 exd5 16. exd5 Qh4+ 17. Rf2 Qxb4 18. dxc6 Qxd6 19. Rxd6 bxc6 20. Bg4) 15... Qh4+ $2 (15... axb5 $19 16. Kf2 Qh4+ 17. Ke3 Kf7) 16. g3 $15 Qxe4 17. Rf4 (17. Nd4 $1 $15) 17... Qe3 ({Inferior is} 17... Qxc2 18. Nxe6+ $1 {[%mdl 512]} dxe6 19. Qd8+ $3 {[%mdl 512]} Nxd8 20. Rxd8+ Kf7 21. Nd6+ Kg6 22. Rg4+ Kh5 23. Rh4+ Kg5 24. Nf7+ Kf5 25. Nd6+ Kg5 26. Nf7+ Kf5 27. Rf4+ Kg6 28. Nxh8+ Kg5 29. Nf7+ Kg6 30. Nh8+ Kg5 31. Rg4+ Kf5 32. Rf4+ Kg5 $11) (17... Qe5 $1 $17 {aiming for ...Kg8.} 18. Qxe5 Nxe5) 18. Rd3 $2 ({Only move:} 18. Nd4 $1 $15) 18... Qe5 $1 $19 ({Much less strong is} 18... Qc1+ 19. Rd1 $19) 19. Qxe5 Nxe5 20. Nxe6+ Kf7 ({Not} 20... dxe6 $2 21. Rd8+ Kf7 22. Nd6+ Kg6 23. Rxh8 $18) 21. Nec7 $2 (21. Ng5+ Kg6 22. Nf3 Nxf3+ 23. Rfxf3 axb5 24. Rd6) 21... Nxd3+ 22. Bxd3 d5 $2 (22... axb5 23. Bxb5 Rd8) 23. c4 $2 (23. Nd6+ {was the crucial defense.} Kf8 24. Kf2) 23... g5 $2 (23... axb5 $19 24. cxd5 Bd7) 24. Nd6+ $17 {[#]} Kg7 $1 25. Rf2 Bg4 {Strongly threatening ...dxc4.} 26. c5 {[#]} Nc6 (26... Rhc8 $1 $19 {and Black stays clearly on top.} 27. Nxc8 Rxc8) 27. b5 (27. Nxd5 $17 Rhf8 28. Be4) 27... Ne5 28. Kd2 Rhd8 {And now ...Nd7 would win.} 29. Nxd5 $2 {[%mdl 8192]} (29. a4 $17 {keeps fighting.}) 29... Nxd3 (29... Nd7 $142 30. bxa6 bxa6) 30. Kxd3 {[%mdl 32768] Precision: White = 18%, Black = 15%. . Sensor Board Error (Ke4/e5)?} 1-0

[Event "1st Goa GM Open 2018"]
[Site "Taleigao"]
[Date "2018.10.18"]
[Round "8"]
[White "Stany, G.A."]
[Black "Sahil, Tickoo"]
[Result "*"]
[WhiteElo "2502"]
[BlackElo "2217"]
[Annotator "TA"]
[PlyCount "36"]
[EventDate "2018.10.13"]
[EventType "swiss"]
[EventCountry "IND"]
[SourceTitle "playchess.com"]
[Source "ChessBase"]
[SourceQuality "1"]

{[%evp 21,22,0,31]} 1. e4 c5 2. Nf3 d6 3. d4 cxd4 4. Nxd4 Nf6 5. Nc3 a6 6. Be3 e5 7. Nb3 Be7 8. f3 Be6 9. Qd2 O-O 10. O-O-O a5 11. Qe1 {B90: Sicilian Najdorf: Unusual White 6th moves, 6 Be3 Ng4 and 6 Be3 e5} Qc8 {LiveBook: 66 Games} {Predecessor:} 12. a3 $146 Na6 13. Kb1 Nc7 14. g4 a4 15. Nc1 b5 16. N1a2 d5 17. g5 d4 18. gxf6 Bxf6 {1-0 (38) Jakovenko,D (2730)-Tsydypov,Z (2523) Khanty-Mansiysk 2017} *

[Event "1st Goa GM Open 2018"]
[Site "Taleigao"]
[Date "2018.10.18"]
[Round "8"]
[White "Stany, G.A."]
[Black "Sahil, Tickoo"]
[Result "1/2-1/2"]
[WhiteElo "2502"]
[BlackElo "2217"]
[Annotator "TA"]
[PlyCount "84"]
[EventDate "2018.10.13"]
[EventType "swiss"]
[EventCountry "IND"]
[SourceTitle "playchess.com"]
[Source "ChessBase"]
[SourceQuality "1"]

{[%evp 19,84,19,40,29,43,0,0,-65,14,0,0,-20,0,0,0,-132,-140,-260,-260,-322,-304,-301,-293,-307,-274,-419,-421,-408,-266,-392,-393,-395,-406,-413,-391,-403,-292,-277,-294,-250,-290,-267,-242,-239,-166,-207,-158,-148,-141,-149,-161,-159,36,-49,-44,-107,-109,-277,-20,-20,-20,-44,0,0,0,0,0]} 1. e4 c5 2. Nf3 d6 3. d4 cxd4 4. Nxd4 Nf6 5. Nc3 a6 6. Be3 e5 7. Nb3 Be7 8. f3 Be6 9. Qd2 O-O 10. O-O-O a5 11. Qe1 {B90: Sicilian Najdorf: Unusual White 6th moves, 6 Be3 Ng4 and 6 Be3 e5} (11. a4 Nc6 12. g4 Nb4 13. g5 Nh5 14. Bb5 Rc8 15. Kb1 f5 16. gxf6 Nxf6 17. Rhg1 d5 18. Bh6 Rf7 19. Qg5 Ng4 20. Qh5 Nxh6 21. Qxh6 {1-0 (41) Yu,Y (2759)-Gao,R (2561) Tianjin 2018}) 11... Qc8 12. Bb5 Na6 $1 13. Bb6 $146 (13. Na4 $1 $11) ({Predecessor:} 13. Kb1 Nc7 14. Bg5 Nxe4 15. Nxe4 Bxg5 16. Nxd6 Qb8 17. Nc5 Rd8 18. Nxe6 Nxe6 {½-½ (35) Akopian,V (2655)-Adhiban,B (2619) Tromsoe 2014}) 13... Nc7 (13... Nb4 $15 14. a3 a4) 14. Bxc7 Qxc7 15. a4 Rac8 {And now ...d5! would win.} 16. Kb1 Rfd8 17. g4 (17. Qe2 $1 $11) 17... d5 $36 {[%cal Bd6d5,Bd5d4][%mdl 2080] Black has strong initiative.} 18. Qe2 (18. exd5 $17 Nxd5 19. Qd2) 18... d4 $19 19. Na2 Ne8 20. f4 {[#]} Nd6 $1 (20... exf4 21. Nxd4 Nd6 22. Nxe6 $17) 21. Bd3 b5 (21... exf4 22. Nxd4 Nc4 23. Nxe6 $17) 22. axb5 (22. f5 {was necessary.} Bxb3 23. cxb3) 22... a4 23. Nbc1 {If White can now play f5 this consolidates a bit.} Qc5 24. c3 (24. fxe5 {keeps fighting.} Nc4 25. h3) 24... dxc3 25. Nxc3 a3 26. f5 axb2 27. Qxb2 Nc4 ({Not} 27... Qxc3 28. Qxc3 Rxc3 29. fxe6 $17) 28. Bxc4 Bxc4 29. Rxd8+ Bxd8 30. Rd1 Ba5 31. Nd5 Rb8 32. b6 Bxb6 33. Nxb6 {[#]} h5 $1 ({But not} 33... Qxb6 34. Qxb6 Rxb6+ 35. Kc2 $11) 34. Nxc4 Rxb2+ 35. Nxb2 hxg4 $2 (35... Qb4 $17 36. Ncd3 (36. gxh5 Qxe4+ 37. Rd3 Qxf5 $17) 36... Qxe4) 36. Ncd3 (36. Re1 $14) 36... Qe3 $1 $15 37. Re1 ({White should try} 37. Nc4 $15 Qxe4 38. Ncxe5) 37... Qd2 $17 38. Rg1 $2 (38. Rd1 $17 {is the only way for White.} Qxh2 39. Na4) 38... Qxh2 $2 ({Black should play} 38... Qe2 $19 {Strongly threatening ...f6.} 39. f6 Qxe4 40. fxg7 Qd4) 39. Rxg4 $11 Qe2 40. Rh4 g5 41. fxg6 $1 fxg6 42. Rh1 Qxe4 {Precision: White = 37%, Black = 62%.} 1/2-1/2

[Event "1st Goa GM Open 2018"]
[Site "Taleigao"]
[Date "2018.10.18"]
[Round "8"]
[White "Kunte, Abhijit"]
[Black "Swati Ghate"]
[Result "*"]
[WhiteElo "2484"]
[BlackElo "2215"]
[Annotator "TA"]
[PlyCount "30"]
[EventDate "2018.10.13"]
[EventType "swiss"]
[EventCountry "IND"]
[SourceTitle "playchess.com"]
[Source "ChessBase"]
[SourceQuality "1"]

{[%evp 2,2,27]} 1. Nf3 Nf6 {Predecessor:} 2. d4 $146 e6 3. c4 d5 4. Nc3 Be7 5. Bf4 O-O 6. e3 b6 7. Bd3 dxc4 8. Bxc4 Ba6 9. Qe2 Bxc4 10. Qxc4 c5 11. dxc5 bxc5 12. O-O Nc6 13. Rac1 Rc8 14. Ne5 Qb6 15. Nxc6 Rxc6 {1-0 (97) Carlsen,M (2842)-Nakamura,H (2777) Saint Louis 2018} *

[Event "1st Goa GM Open 2018"]
[Site "Taleigao"]
[Date "2018.10.18"]
[Round "8"]
[White "Kunte, Abhijit"]
[Black "Swati Ghate"]
[Result "1/2-1/2"]
[WhiteElo "2484"]
[BlackElo "2215"]
[Annotator "TA"]
[PlyCount "58"]
[EventDate "2018.10.13"]
[EventType "swiss"]
[EventCountry "IND"]
[SourceTitle "playchess.com"]
[Source "ChessBase"]
[SourceQuality "1"]

{[%evp 23,58,6,50,46,45,40,89,42,31,8,71,37,27,27,44,10,13,10,14,6,29,11,39,51,42,0,0,0,0,0,0,0,0,0,0,0,97]} 1. Nf3 Nf6 2. c4 b6 3. g3 Bb7 4. Bg2 e6 5. O-O d5 6. cxd5 exd5 7. d4 Be7 8. Nc3 O-O 9. Bf4 Na6 10. Rc1 h6 11. Ne5 c5 12. a3 Re8 13. Nb5 {E12: Queen's Indian: Unusual White 4th moves, 4 a3, 4 Nc3 Bb7 5 a3 and 4 Nc3 Bb7} Bf8 14. b4 $146 ({Predecessor:} 14. Qc2 Qc8 15. Rfd1 Qe6 16. Qb1 Ne4 17. Be3 Red8 18. Qa2 Nf6 19. Qb1 Qe8 20. a4 Ne4 {0-1 (50) Khmelniker,I (2448)-Epishin,V (2574) Pardubice 2008}) 14... Ne4 15. dxc5 {White is better.} bxc5 16. bxc5 (16. Bxe4 $5 dxe4 17. Nc4 $14 (17. Qb3 Qf6 $11)) 16... Bxc5 (16... Naxc5 $11 17. Nd3 Ne6) 17. Nd3 {[#] Strongly threatening Bxe4.} Bb6 18. Qb3 Re6 19. Nc7 Nxc7 20. Bxc7 Qe7 {[#] Threatens to win with ...Nd2.} 21. Rc2 Rf6 22. Bxb6 Rxb6 23. Qa4 Qf6 24. Rc7 Bc6 {The position is equal.} 25. Qa5 Rb5 $36 {[%mdl 2048] Black has good play.} 26. Qa6 Rb6 27. Qa5 Rb5 28. Qa6 Rb6 29. Qa5 g5 {Precision: White = 42%, Black = 42%.} (29... Rb5 $11 {remains equal.} 30. Qa6) 1/2-1/2

[Event "1st Goa GM Open 2018"]
[Site "Taleigao"]
[Date "2018.10.18"]
[Round "8"]
[White "Babujian, Levon"]
[Black "Popov, Ivan"]
[Result "1-0"]
[WhiteElo "2456"]
[BlackElo "2611"]
[Annotator "TA"]
[PlyCount "111"]
[EventDate "2018.10.13"]
[EventType "swiss"]
[EventCountry "IND"]
[SourceTitle "playchess.com"]
[Source "ChessBase"]
[SourceQuality "1"]

{[%evp 19,111,31,63,4,16,10,0,9,18,0,2,0,4,0,0,0,0,-13,46,0,0,-2,12,0,0,0,0,0,0,0,0,0,0,0,0,0,0,0,0,0,0,0,0,-14,0,-58,12,16,10,8,17,21,43,29,104,104,104,104,104,130,12816,105,108,60,43,43,69,69,1666,104,104,104,104,118,12841,12841,12841,12842,12842,12843,12843,12843,12844,12844,12845,12843,12843,12843,12845,12845,12846,12844,12848,12847]} 1. d4 d5 2. c4 dxc4 3. e4 e5 4. Nf3 exd4 5. Bxc4 Bb4+ 6. Nbd2 Nc6 7. O-O Nf6 8. e5 Nd5 9. Nb3 Nb6 10. Bb5 Bd7 {LiveBook: 9 Games. D20: Queen's Gambit Accepted: 3 e3 and 3 e4} 11. Bf4 $146 (11. Bg5 $14 Be7 12. Bxe7 Qxe7 13. Rc1 (13. Nbxd4 Nxd4 14. Bxd7+ Qxd7 $11)) ({Predecessor:} 11. Bxc6 Bxc6 12. Nfxd4 Bd5 13. Qg4 Qd7 14. e6 fxe6 15. Nxe6 Qxe6 16. Qxb4 O-O-O 17. Nc5 Qg6 18. f3 {0-1 (27) Postny,E (2579)-Inarkiev,E (2684) Batumi 2018}) 11... O-O $11 12. Bxc6 Bxc6 {The position is equal.} 13. Nfxd4 Bd7 14. Qh5 Nd5 15. Bg3 Re8 16. Rad1 c6 17. h3 g6 18. Qe2 Bf8 (18... Qb6 $11) 19. Rfe1 Qb6 20. Nf3 Bg7 21. Qc4 Be6 {Hoping for ...Ne3.} 22. Qh4 h6 23. Nfd2 Qb4 24. Ne4 Bf5 25. Nbc5 Bxe4 26. Nxe4 Qxb2 27. Rb1 Qxa2 {With the idea ...b5.} 28. Rxb7 Qa5 29. f4 Rab8 30. Rxb8 Rxb8 31. f5 gxf5 {[#]} 32. Nd6 {[#]} (32. e6 $1 $11 {[%mdl 512]} Rf8 (32... fxe6 33. Bxb8) 33. exf7+ Rxf7 34. Nd6) 32... Qd2 ({Black should play} 32... f4 $1 $15 33. Bf2 (33. Bxf4 Nxf4) 33... Qd8) 33. Nxf5 {Black must now prevent e6.} Rb2 {[%csl Gb2][%cal Rd2g2]} 34. Qe4 {And now e6 would win.} Nc3 35. Qf3 $1 {aiming for Kh2.} Ne2+ 36. Kh2 Nd4 (36... Nxg3 $11 37. Qxg3 Qg5) 37. Nxd4 $16 Qxd4 38. Qxc6 Kh7 39. Qf3 Qd2 $2 {[%mdl 8192]} (39... Qd7 $16) 40. Qe4+ $2 (40. e6 $18 {and the rest is easy. Threatens to win with e7.} fxe6 41. Rxe6) 40... Kh8 41. e6 fxe6 42. Qa8+ Kh7 43. Rxe6 {Qe4+ would kill now.} Qc2 $2 {[%mdl 8192] [#]} (43... Qd3 $14) 44. Re7 $2 $40 {[%mdl 128] White attacks with force.} (44. Qd5 $1 $18 Rb3 45. Re7 Rxg3 46. Kxg3) 44... Rb5 45. Qxa7 Rg5 46. Qb7 {Strongly threatening Be5.} Qf5 $2 {[%mdl 8192]} (46... Qg6 $16) 47. h4 $18 {White is clearly winning.} Rg4 {[#]} 48. Be5 $1 Rxh4+ 49. Kg1 Rh1+ 50. Kxh1 Qh5+ 51. Kg1 Qd1+ 52. Kh2 Qh5+ 53. Kg3 Qg6+ 54. Kf4 {[%cal Re7g7]} Qg5+ 55. Kf3 {[%cal Re7g7]} Qh5+ 56. Ke3 {Precision: White = 58%, Black = 50%.} 1-0